APPLICATION OF ICT IN EDUCATION (Record no. 33236)

MARC details
000 -LEADER
fixed length control field 00289nam a22001217a 4500
003 - CONTROL NUMBER IDENTIFIER
control field SGT
082 ## - DEWEY DECIMAL CLASSIFICATION NUMBER
Classification number 371.36,YAD
100 ## - MAIN ENTRY--PERSONAL NAME
Personal name YADAV PRIYANKA
245 ## - TITLE STATEMENT
Title APPLICATION OF ICT IN EDUCATION
260 ## - PUBLICATION, DISTRIBUTION, ETC. (IMPRINT)
Place of publication, distribution, etc NEW DELHI
Name of publisher, distributor, etc RENOVA INTERNATIONAL PUBLICATIONS
Year of Publication 2025
300 ## - PAGE DESCRIPTION
No. of Pages 162
942 ## - ADDED ENTRY ELEMENTS (KOHA)
Source of classification or shelving scheme Dewey Decimal Classification
Koha item type Books
Holdings
Withdrawn status Lost status Source of classification or shelving scheme Damaged status Not for loan Collection code Home library Current library Shelving location Date acquired Vendor Name Cost, normal purchase price SGTU Total Checkouts Full call number Accession No. (Barcode) Date last seen Bill Date Koha item type
    Dewey Decimal Classification   Not For Loan EDUCATION SGT Engineering Library SGT Engineering Library Reference Book 27/12/2025 SGTU FACULTY PUBLICATIONS 699.00 SGTU   371.36,YAD ED5438 27/12/2025 27/12/2025 Books